Mezinárodně právní aspekty pojištění

Súčasný vývoj poistného práva na úrovni Európskej únie. Relevantná judikatúra národných súdov a ich rozhodovacia činnosť v medzinárodnej oblasti právnych aspektov poistenia v Českej republike, Francúzsku a v Rakúsku.

Gespeichert in:
Bibliographische Detailangaben
1. Verfasser: Dobiáš, Petr
Format: Buchkapitel
Sprache:Tschechisch
Schlagworte:
Tags: Tag hinzufügen
Keine Tags, Fügen Sie das erste Tag hinzu!

MARC

LEADER 00000naa a2200000 4500
001 0125921
005 20220729110413.1
041 0 |a cze 
044 |a CZ 
245 1 0 |a Mezinárodně právní aspekty pojištění  |c Petr Dobiáš 
520 |a Súčasný vývoj poistného práva na úrovni Európskej únie. Relevantná judikatúra národných súdov a ich rozhodovacia činnosť v medzinárodnej oblasti právnych aspektov poistenia v Českej republike, Francúzsku a v Rakúsku. 
610 2 0 |a Európska únia 
610 2 0 |a poisťovníctvo 
610 2 0 |a právo poistné 
610 2 0 |a trh poistný 
610 2 0 |a druhy poistenia 
610 2 0 |a zmluvy poistné 
610 2 0 |a poisťovatelia 
610 2 0 |a poistníci 
610 2 0 |a právo medzinárodné 
610 2 0 |a spolupráca medzinárodná 
100 1 |a Dobiáš, Petr